01855nam a2200289 a 4500001001000000005001700010041000800027044000800035084002000043100004500063245012500108260003500233300002200268500020300290500019000493500047100683500005601154500001101210546002401221650005201245650005601297650003401353650004501387700004401432700003901476740005001515BRCA_340420190320204250.0 aeng aenk a693b.N38c19231 aCervantes Saavedra, Miguel ded1547-161610aThe History of Don Quixote of the ManchacTranslated from the Spanish of Miguel de Cervantes Saavedra by Thomas Shelton. aLondresbNavarre Societyc1923 a2 v.bil.c24 cm. aContenido : v.1. Primera parte. Prefacio de F. J. Harvey Darton. Versos preliminares. Retrato de Cervantes por Kent. -- v.2. Segunda parte. Primera representación gráfica de la pareja andantesca aEdición : Reprint from the First Edition, 1612-1620 with a new Preface by F. J. Harvey Darton and Illustrated with 2 Portraits, 18 Plates and Facsimiles of the Original Engrave Titles aReimpresión de la primera edición de la primera traducción inglesa (de Thomas Shelton), con un nuevo prólogo de F. J. Harvey Darton. Ilustraciones de Vanderbank, reproducción de las excelentes láminas de la edición inglesa en español de Tonson, en 1738. Va adornada con la primera representación gráfica de la pareja andantesca. Edición limitada. Hermoso ejemplar; lomos y planos decorados con dorados; cortes dorados también Lúdovik Osterc aIncluye índice : De ilustraciones en cada volumen aQM1210 aTexto en : inglés14aNovela españolayÉpoca clásica, 1500-170014aLiteratura españolayÉpoca clásica, 1500-170014aNovela españolaySiglo XVII14aDon Quijote (Personaje ficticio)eNovela1 aHarvey Darton, F. J.d1878-1936eEditor1 aShelton, Thomasd?-1626eTraductor0 aEl Ingenioso Hidalgo Don Quijote de la Mancha